The First World War by year - 1915 - Statistics

General Stats
  • This quiz has been taken 70 times
  • The average score is 13 of 33
Answer Stats
Date Hint Answer % Correct
19th February The Dardanelles are attacked by the France and this country The United Kingdom
88%
3rd February The Ottomans fail to capture this strategic canal Suez Canal
85%
4th February Germany begins this new brach of naval warfare against merchant vessels Submarine Warfare
80%
22nd April Germany uses this chemical weapon for the first time Poison Gas
69%
5th August The Germans occupy this polish city Warsaw
68%
23rd May This country breaks neutrality and declares war on Austria-Hungary Italy
61%
8th September Nicholas II removes Grand Duke Nicholas Nikolayevich as Commander-in-Chief for the army of this country Russia
61%
14th October This country declares war on Serbia Bulgaria
59%
15th October The United Kingdom declares war on this country Bulgaria
59%
16th October This country declares war on Bulgaria France
59%
7th October The invasion of this country is initiated by Germany, Austria-Hungary and Bulgaria Serbia
58%
19th January The first Zeppelin raid of this island occurs Great Britain
54%
25th April Allied forces land at this peninsula at the Anzac Coves and Cape Helles Gallipoli Peninsula
53%
9th July The forces of this country surrunder in South-West Africa Germany
53%
4th June This county relieves its occupation of Przemysl Russia
51%
19th October Italy and this country declare war on Bulgaria Russia
46%
12th May The capital of German South-West Africa is occupied by troops from this country South Africa
44%
7th December The First Siege of Kut, Mesopotamia, is initiated by this state Ottoman Empire
41%
19th December Douglas Haig replaces John French as the commander of this force The British Expeditionary Force
32%
11th May This is called at Gallipoli to peacefully bury the dead Armistice
29%
19th February This campaign begins in the Middle East Gallipoli Campaign
27%
1st September Germany suspends unrestricted warfare of these crafts Submarines
27%
10th May Control of this city in western Ukraine returns to Austria-Hungary Lviv
25%
25th November The Battle of Ctesiphon is fought in this country (present day) Iraq
24%
5th July The Battle of Gully Ravine is one by this country The United Kingdom
24%
3rd May Troops are withdrawn from this area of Gallipoli Anzac Coves
15%
25th April This pact is formed between the Entente and Italy London Pact
14%
14th April The Battle of Shaiba was fought between the British and the Ottomans to hold control over this city Basra
12%
28th September This major British offensive fails in France Battle of Loos
8%
19th April The Ottomans beseige this Armenian city Van
7%
27th October This front is established by French, British and Italian troops Balkan Front
5%
15th August A phase of the August Offensive is completed when Allies land at this bay in Turkey Sulva Bay
2%
13th March The British offensive is halted after an initial success at this battle The Battle of Neuvre Chapelle
2%
No matching quizzes found
Score Distribution
Percent of People with Each Score
Percentile by Number Answered
Your Score History
You have not taken this quiz